| 000 | 00984nam a22003377a 4500 | ||
|---|---|---|---|
| 001 | 0000546 | ||
| 003 | KOHA_MİRAKIL | ||
| 005 | 20260207001213.0 | ||
| 007 | ta | ||
| 008 | 081212b2000 tu |||gr||||#0|||0|tur | | ||
| 020 |
_a975486901X _cYTL31,69 |
||
| 040 |
_aTR-BiSEU _btur _cTR-BiSEU _erda |
||
| 041 | 0 | _atur | |
| 044 | _ctu | ||
| 050 |
_aQA76.73.C15 _bY36 2000 |
||
| 100 | 1 | _aYanık, Memik. | |
| 245 | 1 |
_aC++ builder/ _cMemik Yanık ; Memik Yanık. |
|
| 264 | 1 |
_aİstanbul : _bBeta _c2000 |
|
| 300 |
_aXII, 948 sayfa ; _c24 cm. |
||
| 336 |
_ametin _btxt _2rdacontent |
||
| 337 |
_aaracısız _bn _2rdamedia |
||
| 338 |
_acilt _bnc _2rdacarrier |
||
| 490 | 1 |
_aBeta Yayın No ; _v1000. |
|
| 490 | 1 |
_aBilgisayar Dizisi ; _v205 |
|
| 650 | 0 |
_aC++ (Bilgisayar programlama dili). _91541 |
|
| 650 | 0 |
_aC++ (Computer program language). _91542 |
|
| 830 | 1 |
_aBeta Yayın No ; _v1000. _91882 |
|
| 830 | 1 |
_aBilgisayar Dizisi ; _v205 _92740 |
|
| 907 | _aBilgisayar | ||
| 942 |
_2lcc _cBK |
||
| 999 |
_c547 _d547 |
||